zpět

Detail výsledku týmu

Žumpa Pivnice, Ústí nad Labem

Datum a čas kvízu

34 Celkem bodů Celkový počet nahraných bodů na tomto kvízu bez doplňovacích otázek.
3. Pořadí na kvízu Konečné umístění týmu na tomto kvízu.

Zaznamenané odpovědi

# Otázka Odpověď Body Výsledky
1. Policie v Praze řeší případ vo... Šlo o policejní auto. 1
2. V bavorském městečku Burgsinn... Penny 0
3. Minulý týden potvrdili konec s... David Prachař; Linda Rybová 1
4. Za co hrozí hostům jednoho hot... A 0
5. Minulý týden skončilo juniorsk... Vojtěch Čihař 0
6. Frank Lloyd Wright bývá označo... Guggenheimovo muzeum 1
7. Seřaďte uvedené události od té... 1A 2B 3D 4C 0
8. Jak se jmenuje tato americká h... Beastie Boys; No Sleep till Brooklyn 0.5
9. Turisté v NYC míří nejen do di... 1A 2D 3C 4B 1
10. Jak se jmenuje fiktivní město,... Gotham (City); Bronx 0.5